|
|
|
|
| LEADER |
00000nam0a2200000 4500 |
| 001 |
22838 |
| 005 |
20231030194916.0 |
| 010 |
|
|
|a 3411040467
|
| 035 |
|
|
|a (RuTPU)RU\TPU\book\23052
|
| 035 |
|
|
|a BOOK00000816
|
| 090 |
|
|
|a 22838
|
| 100 |
|
|
|a 20011209d1998 km y0gery50 ba
|
| 101 |
0 |
|
|a ger
|
| 102 |
|
|
|a DE
|
| 105 |
|
|
|a y e 000zy
|
| 200 |
1 |
|
|a Grammatik der deutschen Gegenwartssprache
|h Band 4
|
| 210 |
|
|
|a Mannheim
|c Dudenverlag
|d 1998
|
| 215 |
|
|
|a 909 p.
|
| 225 |
1 |
|
|a Duden
|
| 610 |
1 |
|
|a немецкий язык
|
| 610 |
1 |
|
|a грамматика
|
| 610 |
1 |
|
|a словари
|
| 686 |
|
|
|a Ш143.24-923.2
|v LBC/SL-A
|2 rubbk
|
| 801 |
|
0 |
|a DE
|b 63413507
|c 20011209
|g PSBO
|
| 801 |
|
2 |
|a RU
|b 63413507
|c 20170606
|g PSBO
|
| 942 |
|
|
|c BK
|